000 00416nam a2200181Ia 4500
001 21459
005 20260306172920.0
008 260306t2015||||xx |||||||||||||| ||spa||
041 _aESP
082 _a345
_bS21
100 _aSan Martín Castro, César
_eAUT
245 0 _aDerecho procesal penal:
_blecciones
260 _c2015
300 _a
_c
650 _aGEN
654 _aCDE
942 _cLIB
_dJUS
_fJUS
_2ddc
_n
999 _c21459
_d21459